Responses for show #3060 - Friday, December 12, 1997

Contestants

Linda Zee, a professor of Spanish originally from Peekskill, New York

Gardner Linn, an undergraduate student from Calhoun, Georgia

Jennifer Hopens, a college student from Temple, Texas (whose 1-day cash winnings total $10,000)

Jeopardy! Round responses

U.S. CITIES
PRESIDENTS' MONOGRAMS
SOME MORE SIMIAN CINEMA
TRUE LIVES
HAMMERS
4-LETTER WORDS
    $100 29
Cheyenne

Gardner
    $100 1
Richard Milhous Nixon

Gardner
    $100 30
Annette Funicello

Jennifer
    $100 14
Mia Farrow

Gardner
    $100 25
John Henry

Gardner
    $100 10
Hymn

Gardner
    $200 28
Baltimore

Jennifer
    $200 16
Dwight David Eisenhower

Jennifer
    $200 27
The Lion King

Gardner
    $200 6
Jacqueline Kennedy Onassis

Linda
    $200 5
Hammer & sickle

Jennifer
    $200 3
(G: What is whey?)

Skim

Gardner
Triple Stumper
    $300 9
Honolulu

Gardner
    $300 15
Ronald Wilson Reagan

Jennifer
    $500 2
Buddy

Gardner
    $300 4
Out Of Africa

Gardner
    $300 7
Auctions

Gardner
    $300 19
Brim

Gardner
    $400 24
Tucson

Gardner
    $400 17
Herbert Clark Hoover

Gardner
    $400 8
Skull Island

Triple Stumper
    $400 13
Gertrude Stein

Linda
    $400 11
When it's hot

Gardner
    $400 18
Limb

Linda
    $500 26
Newport

Linda
    $500 23
James Knox Polk

Linda
    $500 22
Planet of the Apes

Jennifer
    $500 12
Katharine Graham

Jennifer
    $500 20
Maxwell's Silver Hammer

Linda
    $500 21
Grim

Linda

Scores at the first commercial break (after clue 14):

Jennifer Gardner Linda
$700 $1,900 $600

Scores at the end of the Jeopardy! Round:

Jennifer Gardner Linda
$2,000 $3,400 $3,000

Double Jeopardy! Round responses

MYTHOLOGY
ITALIAN ART
FOLKIES
DAYS
KNIGHTS
GOING DUTCH
    $200 27
Gold

Gardner
    $200 1
The Last Supper

Gardner
    $200 30
Bob Dylan

Linda
    $200 28
February 29

Jennifer
    $200 7
Chivalry

Gardner
    $200 29
Do you speak English?

Linda
    $400 22
Bat

Gardner
    $400 21
The Magi

Linda
    $400 19
Woody Guthrie

Gardner
    $400 25
(Gardner: What is Memorial Day?)
...
(Alex: ...we have a minute to go.)

Veterans Day

JenniferGardner
    $400 3
(J: What is a vagabond?)

Knight-errant

JenniferLinda
    $400 26
Uncle

Gardner
    $600 2
Hermes

Gardner
    $600 12
Sandro Botticelli

Linda
    $1,200 17
(L: Who is Joan Baez?)

Judy Collins

Linda
    $600 10
8

Gardner
    $600 4
Page

Linda
    $600 14
Cheese

Linda
    $800 8
(G: Who is Balder?)

Thor

Gardner
Triple Stumper
    $800 13
Donatello

Gardner
    $800 11
Pete Seeger

Triple Stumper
    $1,000 15
Labor Day

Linda
    $800 5
Dames

Triple Stumper
    $800 24
No Parking

Gardner
    $1000 9
(L: What are Scarpies?)

Harpies

GardnerLinda
    $1000 20
(G: Who is Michelangelo?)

Titian

JenniferGardner
    $1000 18
(Gardner: Who is Joni Mitchell?)
(Jennifer: Who is Michelle Johnston?)

Michelle Shocked

JenniferGardner
Triple Stumper
    $1000 16
Guy Fawkes Day

Linda
    $1000 6
Troubadours

Linda
    $1000 23
Belt

Gardner

Scores at the end of the Double Jeopardy! Round:

Jennifer Gardner Linda
$2,200 $6,800 $6,800

[wagering suggestions for these scores]

Final Jeopardy! Round responses

BRAND NAMES
JenniferWhat is Teflon? Hi Mom, Dad, and Mike
$0
GardnerWhat is Teflon?
$6,800
LindaWhat is Scotch guard
$6,799
WD-40

Final scores:

Jennifer Gardner Linda
$2,200 $0 $1
2-day champion: $12,200 3rd place: a Panasonic digital disc (DVD) player 2nd place: a trip to Eden Roc Resort & Spa, Miami Beach, Florida

Game dynamics:

Coryat scores:

Jennifer Gardner Linda
$2,200 $6,600 $7,800
10 R,
2 W
26 R
(including 1 DD),
5 W
17 R
(including 1 DD),
2 W
(including 1 DD)

Combined Coryat: $16,600

The J! Archive is created by fans, for fans. The Jeopardy! game show and all elements thereof, including but not limited to copyright and trademark thereto, are the property of Jeopardy Productions, Inc. and are protected under law. This website is not affiliated with, sponsored by, or operated by Jeopardy Productions, Inc. Join the discussion at JBoard.tv.